| 000 | 00606nam a22001937a 4500 | ||
|---|---|---|---|
| 005 | 20140910164410.0 | ||
| 010 | _aENG-110793 | ||
| 020 |
_a9789351610038 _c750.00 |
||
| 035 | _aEN-94325 | ||
| 037 | _bDBAD/PUB | ||
| 082 | _a657.48 | ||
| 100 | _aMaheshwari, S.N. | ||
| 245 |
_aFinancial management : _cby S.N. Maheshwari _bprinciples & practice for M.Com., MBA,CA,CS & CMA examinations / |
||
| 250 | _a14th enl. ed | ||
| 260 |
_aNew Delhi _bSultan Chand _c2014 |
||
| 270 |
_a23, Daryaganj _bNew Delhi _e110002 |
||
| 300 |
_avarious pagings _c26cm(pbk) |
||
| 942 |
_2ddc _cEN _h657.48 _mMAH |
||
| 999 |
_c88429 _d88429 |
||